000 00606nam a2200181Ia 4500
003 GCL
008 140319s9999 xx 000 0 ara d
020 _a3040291977
040 _aGCL /
_cGCL
082 0 4 _a810.9
_bا ض
100 1 _aاحمد عزت سليم
245 1 0 _aضد هدم التاريخ وموت الكتابة /
_cاحمد عزت سليم
250 _aالاولى
260 _aالقاهرة :
_bمركز الحضارة العربية للاعلام والنشر ،
_c1997
300 _a448 ص ؛
_c24 سم
650 0 4 _aالادب العربى - تاريخ ونقد
942 _2ddc
_cBK
999 _c5365
_d5365